000 00749cab a2200241 4500
001 ABS55780
008 090401t1996 xxu||||| |||| 00| 0 eng d
035 _a(Sirsi) u18758
041 _aeng
100 _aHume, I.
245 _aI still think it`s moved!
260 _c1996
350 _a0
490 _aContext
_v(51) September 1996, 18-19(2)
520 _aThird in a series of articles on structural movement. Looks at basic methods of monitoring movement and how to record the results.
650 _aCRACKING
650 _aMONITORING
650 _aSTRUCTURAL MOVEMENT
650 _aBUILT ENVIRONMENT-BUILDING SURVEYING-STRUCTURAL SURVEYING
690 _aBUILT ENVIRONMENT-BUILDING INSPECTION
942 _n0
948 _c04/03/1997
999 _c12485
_d12485